Saisie rapide mot de 4 lettres. Aléatoire - Statistiques

Statistiques générales
  • Ce quiz a été pris 2 118 fois
    2 108 depuis la dernière actualisation
  • Le résultat moyen est 13 sur 27
Statistiques - réponses
Questions Réponses % Correct
Pain Pain
56%
Laid Laid
54%
Bric Bric
53%
Dent Dent
53%
Jazz Jazz
53%
Tout Tout
52%
Axez Axez
51%
Joie Joie
51%
Mère Mère
51%
Père Père
51%
Veux Veux
51%
Vrai Vrai
51%
Ados Ados
50%
Amie Amie
50%
Azur Azur
50%
Cire Cire
50%
Clef Clef
50%
Cour Cour
50%
Dock Dock
50%
Fixe Fixe
50%
Haie Haie
50%
Inox Inox
50%
Kiwi Kiwi
50%
Lire Lire
50%
Melo Melo
50%
Mure Mure
50%
Nuir Nuir
50%
Oies Oies
50%
Rein Rein
50%
Watt Watt
50%
Goal Goal
49%
Gras Gras
49%
Hair Hair
49%
Kaki Kaki
49%
Noie Noie
49%
Site Site
49%
Zone Zone
49%
Clap Clap
48%
Emir Emir
48%
Gant Gant
48%
Mare Mare
48%
Pire Pire
48%
Poux Poux
48%
Yeti Yeti
48%
Boit Boit
47%
Cerf Cerf
47%
Coup Coup
47%
Glue Glue
47%
Iles Iles
47%
Joue Joue
47%
Lois Lois
47%
Urne Urne
47%
Apre Apre
46%
Brio Brio
46%
Etes Etes
46%
Mine Mine
46%
Xena Xena
46%
Bise Bise
45%
Bref Bref
45%
Chez Chez
45%
Doux Doux
45%
Lime Lime
45%
Quoi Quoi
45%
Foie Foie
44%
Tire Tire
44%
Vari Vari
44%
Yoga Yoga
44%
Fief Fief
43%
Cils Cils
42%
Abat Abat
37%
Aucun quiz correspondant
Distribution des résultats
% des personnes avec chaque résultat
Percentile par nombre de réponses
Votre historique - résultats
Vous n’avez pas pris ce quiz depuis la dernière actualisation